O'er land and sea with the Apostle Paul. (Record no. 5148)

000 -LEADER
fixed length control field 00552nam a2200181 a 4500
001 - CONTROL NUMBER
control field :::00002889$&:&@@
003 - CONTROL NUMBER IDENTIFIER
control field OkBaRHE
005 - DATE AND TIME OF LATEST TRANSACTION
control field 20000607103258.0
008 - FIXED-LENGTH DATA ELEMENTS--GENERAL INFORMATION
fixed length control field s1933 j 000 0 eng u
040 ## - CATALOGING SOURCE
Transcribing agency
100 1# - MAIN ENTRY--PERSONAL NAME
Personal name Acton, A. A.
245 10 - TITLE STATEMENT
Title O'er land and sea with the Apostle Paul.
260 ## - PUBLICATION, DISTRIBUTION, ETC. (IMPRINT)
Place of publication, distribution, etc New York, NY., :
Name of publisher, distributor, etc Fleming H. Revell Company
Date of publication, distribution, etc c1933
300 ## - PHYSICAL DESCRIPTION
Extent 22 p. ;
Dimensions 20 cm.
650 ## - SUBJECT ADDED ENTRY--TOPICAL TERM
Topical term or geographic name as entry element Paul, Saint, apostle
942 ## - ADDED ENTRY ELEMENTS (KOHA)
Source of classification or shelving scheme
Koha item type Books
Copies
Not for loan Price effective from Date last seen Copy number Withdrawn status Source of classification or shelving scheme Shelving location Damaged status Barcode Lost status Koha item type Full call number Permanent Location Date acquired
 2010-04-142018-03-161  General Stacks 2889 BooksBS 2505 .A26RHEMA Bible Training College2010-04-14